[Event "CZE-chT1E 2425"]
[Site "Czech Republic"]
[Date "2025.03.02"]
[Round "9.2"]
[White "Biolek, Richard"]
[Black "Gnojek, Petr"]
[Result "1/2-1/2"]
[WhiteElo "2348"]
[BlackElo "2427"]
[PlyCount "31"]
[EventDate "2024.10.20"]
[EventType "team-tourn"]
[EventRounds "11"]
[EventCountry "CZE"]
[SourceTitle "CB16_2025"]
[SourceDate "2025.04.16"]
[SourceVersion "1"]
[SourceVersionDate "2025.04.16"]
[SourceQuality "1"]
[WhiteTeam "Grygov Proclient"]
[BlackTeam "Frydek Mistek II"]
[WhiteTeamCountry "CZE"]
[BlackTeamCountry "CZE"]

1. e4 d6 2. d4 Nf6 3. Nc3 g6 4. f4 Bg7 5. Nf3 0-0 6. Be3 b6 7. Qd2 Bb7 8. e5 Nd5 9. Nxd5 Bxd5 10. Be2 e6 11. 0-0 Nd7 12. Rfd1 Qe7 13. c4 Bb7 14. Qc2 Rad8 15. Qb3 f6 16. Qa3 1/2-1/2

[Event "CZE-chT1E 2425"]
[Site "Czech Republic"]
[Date "2025.02.02"]
[Round "7.2"]
[White "Biolek, Richard"]
[Black "Fiala, Vaclav"]
[Result "1/2-1/2"]
[WhiteElo "2348"]
[BlackElo "2219"]
[PlyCount "48"]
[EventDate "2024.10.20"]
[EventType "team-tourn"]
[EventRounds "11"]
[EventCountry "CZE"]
[SourceTitle "CB16_2025"]
[SourceDate "2025.04.16"]
[SourceVersion "1"]
[SourceVersionDate "2025.04.16"]
[SourceQuality "1"]
[WhiteTeam "Grygov Proclient"]
[BlackTeam "Jundrov Jezdci"]
[WhiteTeamCountry "CZE"]
[BlackTeamCountry "CZE"]

1. e4 c5 2. Nf3 e6 3. d3 d5 4. Nbd2 Nc6 5. g3 Nf6 6. Bg2 Be7 7. 0-0 0-0 8. Re1 Qc7 9. e5 Nd7 10. Qe2 b6 11. h4 Bb7 12. Nf1 Rfe8 13. Bf4 a5 14. h5 h6 15. Qd2 Bf8 16. N1h2 a4 17. a3 b5 18. Ng4 Kh7 19. d4 Nxd4 20. Nxd4 cxd4 21. Bf1 Nc5 22. Bxb5 Reb8 23. Bd3+ Kg8 24. f3 Ba6 1/2-1/2

[Event "Olomouc IM-B 25th"]
[Site "Olomouc"]
[Date "2024.08.17"]
[Round "9"]
[White "Ihnat, Marek1"]
[Black "Biolek, Richard"]
[Result "0-1"]
[WhiteElo "2097"]
[BlackElo "2347"]
[PlyCount "88"]
[EventDate "2024.08.10"]
[EventType "tourn"]
[EventRounds "9"]
[EventCountry "CZE"]
[SourceTitle "CBM 221 Extra"]
[Source "ChessBase"]
[SourceDate "2024.09.30"]
[SourceVersion "1"]
[SourceVersionDate "2024.09.30"]
[SourceQuality "1"]

1. e4 e5 2. Nf3 Nc6 3. Bb5 a6 4. Ba4 Nf6 5. 0-0 Be7 6. Re1 b5 7. Bb3 0-0 8. c3 d6 9. h3 Na5 10. Bc2 c5 11. d4 Qc7 12. d5 Bd7 13. b3 Kh8 14. Nbd2 Ng8 15. Qe2 g6 16. Nf1 c4 17. b4 Nb7 18. Ng3 a5 19. Nh2 Bf6 20. Bd2 Ra6 21. a3 Rfa8 22. Rac1 axb4 23. axb4 Qd8 24. Ng4 Bg5 25. Bxg5 Qxg5 26. Ne3 Ra3 27. Qd2 f6 28. Red1 Nd8 29. Qe1 h5 30. Kh1 h4 31. Ne2 f5 32. Ng1 fxe4 33. Bxe4 Bf5 34. Bxf5 gxf5 35. Ra1 e4 36. Rxa3 Rxa3 37. Nc2 Ra7 38. Ra1 Rg7 39. Ne3 Nf7 40. Ra7 Ne5 41. Rxg7 Kxg7 42. Nc2 Nd3 43. Qe2 Qf4 44. f3 Qg3 0-1

[Event "Olomouc IM-B 25th"]
[Site "Olomouc"]
[Date "2024.08.11"]
[Round "3"]
[White "Biolek, Richard"]
[Black "Zavurka, Roman"]
[Result "1/2-1/2"]
[WhiteElo "2347"]
[BlackElo "2191"]
[PlyCount "109"]
[EventDate "2024.08.10"]
[EventType "tourn"]
[EventRounds "9"]
[EventCountry "CZE"]
[SourceTitle "CBM 221 Extra"]
[Source "ChessBase"]
[SourceDate "2024.09.30"]
[SourceVersion "1"]
[SourceVersionDate "2024.09.30"]
[SourceQuality "1"]

1. d4 d6 2. c4 e5 3. d5 Nf6 4. Nc3 Be7 5. e4 Nbd7 6. Bd3 Nc5 7. Bc2 a5 8. h3 0-0 9. Be3 b6 10. g4 h6 11. Qe2 Nh7 12. Nf3 Ng5 13. Nd2 Nh7 14. 0-0-0 Bg5 15. Nf1 Bd7 16. Kb1 Qe7 17. Bxg5 Qxg5 18. Ne3 Rfe8 19. h4 Qf4 20. Rdg1 g6 21. Rg3 Qf6 22. Qf1 Qg7 23. b3 Kh8 24. a3 Reb8 25. Kb2 Qf8 26. Qe2 Qe7 27. Qd2 b5 28. cxb5 Bxb5 29. Ka2 Ba6 30. Ned1 Kg7 31. Nb2 Nf8 32. Ncd1 Nfd7 33. Ne3 Kh7 34. g5 h5 35. Nec4 Bxc4 36. Nxc4 Nb7 37. Re1 Nb6 38. Nxb6 cxb6 39. Bd3 Nc5 40. Bb5 Ra7 41. f4 a4 42. bxa4 exf4 43. Qxf4 Nd7 44. Rc3 Ne5 45. Rec1 Rbb7 46. Qf2 Ng4 47. Qd4 Ne5 48. Rc8 f6 49. Re8 Qg7 50. Bc6 Re7 51. Rxe7 Rxe7 52. Rf1 fxg5 53. hxg5 Rf7 54. Rb1 Qf8 55. Rxb6 1/2-1/2

[Event "CZE-chT1E 2324"]
[Site "Czech Republic"]
[Date "2023.11.26"]
[Round "3.2"]
[White "Biolek, Richard"]
[Black "Roubalik, Jakub"]
[Result "1/2-1/2"]
[WhiteElo "2361"]
[BlackElo "2386"]
[PlyCount "54"]
[EventDate "2023.10.22"]
[EventType "team-tourn"]
[EventRounds "11"]
[EventCountry "CZE"]
[SourceTitle "EXT 2025"]
[Source "ChessBase"]
[SourceDate "2024.10.14"]
[SourceVersion "1"]
[SourceVersionDate "2024.10.14"]
[SourceQuality "1"]
[WhiteTeam "Grygov Proclient"]
[BlackTeam "Brno Moravska Slavia II"]
[WhiteTeamCountry "CZE"]
[BlackTeamCountry "CZE"]

1. e4 c5 2. Nf3 Nc6 3. Bb5 d6 4. 0-0 Bg4 5. h3 Bh5 6. Re1 Nf6 7. c3 Nd7 8. Be2 e6 9. d4 cxd4 10. cxd4 Bxf3 11. Bxf3 e5 12. d5 Nd4 13. Be3 Nxf3+ 14. Qxf3 Be7 15. Nc3 0-0 16. Rec1 a6 17. a3 Bg5 18. Nd1 Bxe3 19. Nxe3 Nc5 20. Nc4 Rc8 21. b4 Na4 22. Qe3 Qd7 23. Nb6 Nxb6 24. Qxb6 Rxc1+ 25. Rxc1 Rc8 26. Rxc8+ Qxc8 27. Qxd6 Qc1+ 1/2-1/2

[Event "Olomouc IM-A 24th"]
[Site "Olomouc"]
[Date "2023.08.14"]
[Round "4"]
[White "Kucharska, Honorata"]
[Black "Biolek, Richard"]
[Result "1/2-1/2"]
[WhiteElo "2204"]
[BlackElo "2373"]
[PlyCount "140"]
[EventDate "2023.08.12"]
[EventType "tourn"]
[EventRounds "9"]
[EventCountry "CZE"]
[SourceTitle "CBM 215 Extra"]
[Source "ChessBase"]
[SourceDate "2023.09.30"]
[SourceVersion "1"]
[SourceVersionDate "2023.09.30"]
[SourceQuality "1"]

1. e4 e6 2. d3 d5 3. Nd2 c5 4. Ngf3 Nc6 5. g3 g6 6. Bg2 Bg7 7. 0-0 Nge7 8. Qe2 Qc7 9. Re1 Bd7 10. Nf1 dxe4 11. Qxe4 0-0 12. c3 Nd5 13. Qe2 Rad8 14. Ne3 Nce7 15. Nxd5 Nxd5 16. Bg5 Rc8 17. Qd2 Rfe8 18. Bh6 Bh8 19. h4 Bc6 20. h5 Rcd8 21. Qe2 Ne7 22. Bf4 Qb6 23. hxg6 hxg6 24. Bg5 Rd5 25. Bf4 Rdd8 26. Rad1 Bb5 27. Ne5 f6 28. Nc4 Bxc4 29. dxc4 e5 30. Be3 Qc7 31. Bd5+ Nxd5 32. cxd5 Qd6 33. Qc4 b6 34. b4 cxb4 35. cxb4 Rc8 36. Qb3 Bg7 37. b5 Bf8 38. Bc1 Kg7 39. Re3 Qb4 40. Qd3 Bd6 41. Re4 Qc3 42. Qxc3 Rxc3 43. Ra4 Re7 44. Bb2 Rc2 45. Ba3 Bxa3 46. Rxa3 Rd7 47. d6 Kf7 48. Rxa7 Rxa7 49. d7 Ra8 50. d8Q Rxd8 51. Rxd8 Rxa2 52. Rd6 Rb2 53. Rxb6 e4 54. Rb8 f5 55. b6 Kf6 56. b7 Kg5 57. Kg2 Rb1 58. Kh3 Rh1+ 59. Kg2 Rh7 60. Kf1 Kg4 61. Ke2 g5 62. Ke3 Rd7 63. Ke2 Rc7 64. Kd2 Rf7 65. Ke2 Rd7 66. Ke3 Rd3+ 67. Ke2 Rb3 68. Kd2 Rb6 69. Ke2 Rb1 70. Kd2 Rb6 1/2-1/2

[Event "Olomouc IM2 23rd"]
[Site "Olomouc"]
[Date "2022.08.16"]
[Round "5"]
[White "Biolek, Richard"]
[Black "Nemec, Jachym"]
[Result "1/2-1/2"]
[WhiteElo "2402"]
[BlackElo "2341"]
[PlyCount "40"]
[EventDate "2022.08.13"]
[EventType "tourn"]
[EventRounds "9"]
[EventCountry "CZE"]
[SourceTitle "CBM 209 Extra"]
[Source "ChessBase"]
[SourceDate "2022.09.30"]
[SourceVersion "1"]
[SourceVersionDate "2022.09.30"]
[SourceQuality "1"]

1. d4 Nf6 2. Nf3 g6 3. g3 Bg7 4. Bg2 d5 5. 0-0 0-0 6. Nbd2 c6 7. c4 Bf5 8. b3 Qa5 9. Bb2 Ne4 10. Nxe4 Bxe4 11. Qc1 Nd7 12. Qe3 Qb6 13. Bh3 Nf6 14. Ne5 Bf5 15. Bg2 Rfe8 16. Rfc1 Rad8 17. Bc3 Ne4 18. cxd5 cxd5 19. Bxe4 dxe4 20. Rd1 Bxe5 1/2-1/2

[Event "Olomouc IM2 23rd"]
[Site "Olomouc"]
[Date "2022.08.14"]
[Round "2"]
[White "Camarena Gimenez, Rufino"]
[Black "Biolek, Richard"]
[Result "1/2-1/2"]
[WhiteElo "2308"]
[BlackElo "2402"]
[PlyCount "20"]
[EventDate "2022.08.13"]
[EventType "tourn"]
[EventRounds "9"]
[EventCountry "CZE"]
[SourceTitle "CBM 209 Extra"]
[Source "ChessBase"]
[SourceDate "2022.09.30"]
[SourceVersion "1"]
[SourceVersionDate "2022.09.30"]
[SourceQuality "1"]

1. d4 d6 2. Nf3 Bg4 3. g3 Bxf3 4. exf3 g6 5. f4 Bg7 6. d5 c6 7. c4 cxd5 8. cxd5 Nf6 9. Bg2 0-0 10. 0-0 Na6 1/2-1/2

[Event "CZE-chT2F 1920"]
[Site "Czech Republic"]
[Date "2019.12.15"]
[Round "5.1"]
[White "Biolek, Richard"]
[Black "Dobrovolsky, Ladislav"]
[Result "0-1"]
[WhiteElo "2415"]
[BlackElo "2278"]
[PlyCount "66"]
[EventDate "2019.10.13"]
[EventType "team-tourn"]
[EventRounds "11"]
[EventCountry "CZE"]
[SourceTitle "EXT 2024"]
[Source "ChessBase"]
[SourceDate "2023.10.10"]
[SourceVersion "1"]
[SourceVersionDate "2023.10.10"]
[SourceQuality "1"]
[WhiteTeam "Grygov Proclient"]
[BlackTeam "Havirov Banik"]
[WhiteTeamCountry "CZE"]
[BlackTeamCountry "CZE"]

1. Nf3 d5 2. c4 d4 3. d3 c5 4. g3 Nc6 5. Bg2 e5 6. 0-0 Nf6 7. e3 Be7 8. exd4 exd4 9. a3 0-0 10. Re1 Re8 11. b3 Bd6 12. Rxe8+ Qxe8 13. Qf1 Bd7 14. Nbd2 a5 15. Ng5 Bg4 16. Nde4 Nxe4 17. Bxe4 h6 18. Nh3 Qd7 19. Nf4 Re8 20. Bd2 Bxf4 21. Bxf4 g5 22. Bd2 Rxe4 23. dxe4 Ne5 24. f4 Nf3+ 25. Kf2 Nxd2 26. Qd3 Nxb3 27. Rh1 a4 28. h3 Bxh3 29. fxg5 h5 30. g4 Bxg4 31. Qg3 d3 32. Qb8+ Kh7 33. Kg2 d2 0-1

[Event "CZE-chT2F 1920"]
[Site "Czech Republic"]
[Date "2019.11.03"]
[Round "2.2"]
[White "Hampl, Pavel"]
[Black "Biolek, Richard"]
[Result "0-1"]
[WhiteElo "1721"]
[BlackElo "2415"]
[PlyCount "54"]
[EventDate "2019.10.13"]
[EventType "team-tourn"]
[EventRounds "11"]
[EventCountry "CZE"]
[SourceTitle "EXT 2024"]
[Source "ChessBase"]
[SourceDate "2023.10.10"]
[SourceVersion "1"]
[SourceVersionDate "2023.10.10"]
[SourceQuality "1"]
[WhiteTeam "Litovel Tatran"]
[BlackTeam "Grygov Proclient"]
[WhiteTeamCountry "CZE"]
[BlackTeamCountry "CZE"]

1. e4 c5 2. Nf3 e6 3. d4 cxd4 4. Nxd4 a6 5. Nc3 b5 6. a3 Bb7 7. Bd3 Qc7 8. g3 Nf6 9. Bf4 e5 10. Ndxb5 axb5 11. Nxb5 Qa5+ 12. Bd2 Qb6 13. b4 Bxe4 14. Be3 Qb7 15. Rg1 Bf3 16. Qd2 d5 17. c3 Nc6 18. a4 Be7 19. a5 0-0 20. Qb2 d4 21. Bd2 dxc3 22. Bxc3 Nd5 23. Kd2 Nxc3 24. Nxc3 Bxb4 25. a6 Qb6 26. Rgf1 Qd4 27. Kc2 Rfc8 0-1

[Event "Olomouc IM1 22nd"]
[Site "Olomouc"]
[Date "2019.08.16"]
[Round "8"]
[White "Biolek, Richard"]
[Black "Wiley, Tom E"]
[Result "1-0"]
[WhiteElo "2416"]
[BlackElo "2124"]
[PlyCount "123"]
[EventDate "2019.08.10"]
[EventType "tourn"]
[EventRounds "9"]
[EventCountry "CZE"]
[SourceTitle "CBM 191 Extra"]
[Source "ChessBase"]
[SourceDate "2019.09.30"]
[SourceVersion "1"]
[SourceVersionDate "2019.09.30"]
[SourceQuality "1"]

1. e4 e6 2. d4 d5 3. Nc3 Bb4 4. e5 c5 5. dxc5 Nc6 6. Nf3 Nge7 7. Bd3 d4 8. a3 Ba5 9. b4 Nxb4 10. axb4 Bxb4 11. 0-0 Bxc3 12. Rb1 h6 13. Nd2 Bxd2 14. Bxd2 Qc7 15. Re1 Bd7 16. Qg4 Bc6 17. Qxd4 Rd8 18. Qg4 Rxd3 19. cxd3 Nf5 20. d4 0-0 21. Bc3 Qd7 22. h4 Qd5 23. h5 Rd8 24. Rbd1 Rd7 25. Ba1 a6 26. f3 Qa2 27. Qf4 Qa5 28. Kf2 Qd8 29. Bc3 Qh4+ 30. Qxh4 Nxh4 31. Rd2 Nf5 32. g4 Ne7 33. Kg3 Nd5 34. Ba5 g5 35. hxg6 fxg6 36. Rh2 Rh7 37. Bd2 h5 38. Bg5 hxg4 39. Rxh7 Kxh7 40. Kxg4 Kg7 41. Bd8 Nc3 42. Rh1 Ne2 43. Rd1 Nc3 44. Rd3 Nd5 45. Kg5 Nb4 46. Rd2 Bxf3 47. Rb2 Nd3 48. Rb3 Be4 49. c6 bxc6 50. Rb7+ Kf8 51. Bb6 Bd5 52. Kf6 Kg8 53. Rg7+ Kf8 54. Ra7 Kg8 55. Kxg6 Nf4+ 56. Kg5 Nh3+ 57. Kf6 Nf2 58. Bc5 Ng4+ 59. Kg6 Be4+ 60. Kg5 Nh2 61. Rxa6 Nf3+ 62. Kh6 1-0